A carregar...
Hamlet
| Main Authors: | , |
|---|---|
| Formato: | Printed Book |
| Publicado em: |
Oxford, Clarendon Press
1947
|
| Colecção: | The new clarendon Shakespeare
|
| Assuntos: |
| LEADER | 005220000a22001810004500 | ||
|---|---|---|---|
| 041 | |a en | ||
| 082 | |a 822.33 SH/H H | ||
| 100 | |a Rylands, George | ||
| 100 | |a Shakespeare, William | ||
| 245 | |a Hamlet | ||
| 260 | |a Oxford, Clarendon Press | ||
| 260 | |c 1947 | ||
| 490 | |a The new clarendon Shakespeare | ||
| 650 | |a Drama | ||
| 650 | |a English literature | ||
| 942 | |c BK | ||
| 999 | |c 152168 |d 152164 | ||
| 952 | |0 0 |1 0 |4 0 |6 822_330000000000000_SH_H_H |7 0 |9 150986 |a SCK |b SCK |d 2017-10-23 |l 0 |o 822.33 SH/H H |p SCK00800 |r 2017-10-23 |w 2017-10-23 |y BK | ||